Principles of Radar (Record no. 67256)
[ view plain ]
| 000 -LEADER | |
|---|---|
| fixed length control field | 00426nam a22001697a 4500 |
| 003 - CONTROL NUMBER IDENTIFIER | |
| control field | NUST-PNEC |
| 005 - DATE AND TIME OF LATEST TRANSACTION | |
| control field | 20170116181016.0 |
| 008 - FIXED-LENGTH DATA ELEMENTS--GENERAL INFORMATION | |
| fixed length control field | 140429b xxu||||| |||| 00| 0 eng d |
| 020 ## - INTERNATIONAL STANDARD BOOK NUMBER | |
| International Standard Book Number | - |
| 040 ## - CATALOGING SOURCE | |
| Transcribing agency | LIBRARY |
| 082 ## - DEWEY DECIMAL CLASSIFICATION NUMBER | |
| Classification number | 621.4848 REI |
| 100 ## - MAIN ENTRY--PERSONAL NAME | |
| 9 (RLIN) | 10447 |
| Personal name | Reintijes, J. Francis |
| 245 ## - TITLE STATEMENT | |
| Title | Principles of Radar |
| Statement of responsibility, etc. | J. Francis Reintjes |
| 250 ## - EDITION STATEMENT | |
| Edition statement | 3rd ed |
| 650 ## - SUBJECT ADDED ENTRY--TOPICAL TERM | |
| 9 (RLIN) | 10448 |
| Topical term or geographic name entry element | Principles of Radar |
| General subdivision | MIS |
| 942 ## - ADDED ENTRY ELEMENTS (KOHA) | |
| Source of classification or shelving scheme | |
| Koha item type | Book |
| Withdrawn status | Lost status | Source of classification or shelving scheme | Damaged status | Not for loan | Permanent Location | Current Location | Shelving location | Date acquired | Total Checkouts | Full call number | Barcode | Date last seen | Price effective from | Koha item type |
|---|---|---|---|---|---|---|---|---|---|---|---|---|---|---|
| Pakistan Navy Engineering College (PNEC) | Pakistan Navy Engineering College (PNEC) | 621.4848 REI | PNECLIB-024740 | 09/14/2015 | Book | |||||||||
| Pakistan Navy Engineering College (PNEC) | Pakistan Navy Engineering College (PNEC) | 621.4848 REI | PNECLIB-010420 | 09/14/2015 | Book | |||||||||
| Pakistan Navy Engineering College (PNEC) | Pakistan Navy Engineering College (PNEC) | 621.4848 REI | PNECLIB-001161 | 09/19/2015 | Book |
